Barokové inšpirácie - adaptácia a interpretácia predlôh v maliarskej tvorbe Antona Schmidta

Bibliographic Details
Main Author: Medvecký, Jozef, 1947- (Author)
Format: Article
Language:Slovak
PhysicalDescription:Fotogr.
ISBN:8089236081
Subjects:

MARC

LEADER 00000nab a2200000 ar4500
001 vtls008705638
003 SK-MaSNL
005 20260303074206.0
008 060529c2006 xo |r|p|||||||100 b|slo
015 |a SNBRA2006/05  |2 snkbucl 
038 |a SNKBUCL 
040 |a SNKBUCL  |b slo  |c SNKBUCL  |e AACR2 
041 1 |a slo  |b ger 
044 |a xo  |c SK 
080 |a 75.071.1  |2 2001 
080 |a 75.034.7  |2 2001 
080 |a 929 Schmidt, Anton  |2 2001 
100 1 |a Medvecký, Jozef,  |d 1947-  |4 aut  |9 107585 
245 1 0 |a Barokové inšpirácie - adaptácia a interpretácia predlôh v maliarskej tvorbe Antona Schmidta  |c Jozef Medvecký 
300 |b Fotogr. 
504 |a Bibliogr. odkazy 
546 |a Res. nem. 
600 1 7 |a Schmidt, Anton  |d 1709?-1773?  |2 snkbucl  |9 1076939 
650 0 7 |a barokové maliarstvo  |2 snkbucl  |9 69813 
773 0 |t Súvislosti slovenského umenia. Pocta Karolovi Kahounovi : jubilejný zborník 3  |d Bratislava : Stimul, 2006  |g S. 98-113  |z 8089236081 
852 |a SNK  |b KIS3GCP 
958 |a NB 
958 |a BC 
958 |a SK 
999 |c 1770613  |d 1772543